书目信息 |
| 题名: |
玻璃性质对其成分依从性的研究
|
|
| 作者: | 捷姆金娜 著 | |
| 分册: | ||
| 出版信息: | 北京 国防工业出版社 1964 |
|
| 页数: | 257页 | |
| 开本: | 20cm | |
| 丛书名: | ||
| 单 册: | ||
| 中图分类: | TQ17 | |
| 科图分类: | ||
| 主题词: | 硅酸盐--化学工业 | |
| 电子资源: | ||
| ISBN: | ||
| 000 | 00662nam0 2200217 450 | |
| 001 | 0663496895 | |
| 005 | 20060420174110.93 | |
| 010 | @dCNY2.00 | |
| 091 | @a15034.677 | |
| 100 | @a20060420d1964 km y0chiy0120 ea | |
| 101 | 0 | @achi@crus |
| 102 | @aCN@b110000 | |
| 102 | @aCN@b110000 | |
| 200 | 1 | @a玻璃性质对其成分依从性的研究@Abo li xing zhi dui qi cheng fen yi cong xing de yan jiu@f(苏联)Л·И·捷姆金娜著@F(su lian)Л·И·jie mu jin na zhu |
| 210 | @a北京@c国防工业出版社@d1964 | |
| 215 | @a257页@d20cm | |
| 606 | 0 | @a硅酸盐@x化学工业 |
| 690 | @aTQ17@v3 | |
| 701 | 0 | @a捷姆金娜@Ajie mu jin na@4著 |
| 801 | 0 | @aCN@bPFT@c20060420 |
| 905 | @a10447@dTQ17@e6 | |
| 玻璃性质对其成分依从性的研究/(苏联)Л·И·捷姆金娜著.-北京:国防工业出版社,1964 |
| 257页;20cm |
| ISBN :CNY2.00 |
| ● |
| 相关链接 |
|
|
|
|
正题名:玻璃性质对其成分依从性的研究
索取号:TQ17/6
 
预约/预借
| 序号 | 登录号 | 条形码 | 馆藏地/架位号 | 状态 | 备注 |
| 1 | 0017954 | 202278203 | 密集书库/ [索取号:TQ17/6] | 在馆 |